Normal view
MARC view
Entry Personal Name
001 - CONTROL NUMBER
- control field: 1158314
003 - CONTROL NUMBER IDENTIFIER
- control field: OSt
005 - DATE AND TIME OF LATEST TRANSACTION
- control field: 20260324120356.0
008 - FIXED-LENGTH DATA ELEMENTS
- fixed length control field: 260324|| aca||aabn | a|a d
040 ## - CATALOGING SOURCE
- Original cataloging agency: OSt
- Transcribing agency: OSt
100 ## - HEADING--PERSONAL NAME
- Personal name: Vishal K. Chavan; Vinod K. Tripathi; Megh R. Goyal
670 ## - SOURCE DATA FOUND
- Source citation: Work cat.: (OSt)1749823: Vishal K. Chavan; Vinod K. Tripathi; Megh R. Goyal, Principles and Management of Clogging in Micro Irrigation
